000 00917nam a2200265 i 4500
001 bg
245 0 0 _aKompromis w życiu społecznym /
_cpraca pod red. Ewy Nowickiej-Włodarczyk.
260 _aKraków :
_bF"MCRD",
_c1998.
300 _a86, [6] s. ;
_c21 cm.
490 1 _aZeszyty / Fundacja "Międzynarodowe Centrum Rozwoju Demokracji" ;
_vz. 35
500 _aMateriały z seminarium, Kraków, 19 października 1998.
650 9 _aKompromis
650 9 _aKonflikt społeczny
651 9 _aPolska
_xpolityka wewnętrzna
_yod 1980 r.
655 _aMateriały konferencyjne
700 1 _aNOWICKA-WŁODARCZYK, Ewa.
_eRed.
830 0 _aZeszyty (Fundacja "Międzynarodowe Centrum Rozwoju Demokracji") ;
_vz. 35
020 _a8387832065
040 _cBPK
041 0 _apl
080 _a323(438)"1989/...":316.48](061)
920 _a83-87832-06-5
942 _cKS
008 s pl f |000 0 pol
999 _c39177
_d39177
856 _uhttp://koha.tu.koszalin.pl/cgi-bin/koha/opac-detail.pl?biblionumber=39177
_yKatalog online BPK